Voitures Koenigsegg - Statistiques

Statistiques générales
  • Ce quiz a été pris 413 fois
  • Le résultat moyen est 9 sur 16
Statistiques - réponses
Par images Réponse % Correct
Agera
97%
Jesko
93%
Regera
87%
Agera R
81%
CC
81%
Gemera
78%
Agera RS
71%
CCX
71%
One:1
63%
CCXR
48%
Agera S
42%
CCGT
42%
CCR
38%
CC8S
34%
Agera XS
11%
CCXR Trevita
6%
Aucun quiz correspondant
Distribution des résultats
% des personnes avec chaque résultat
Percentile par nombre de réponses
Votre historique - résultats
Vous n’avez pas pris ce quiz